Spinoffs by TV shows Quiz Stats

 Plays Quiz not verified by Sporcle

Challenge
Share
Tweet
Embed
Score 0/27 Timer 10:00
0 Plays Today
% Correct
The Jeffersons
81.1%
NCIS
78.9%
Rhoda
68.9%
Maude
56.7%
Lou Grant
52.2%
NCIS: Los Angeles
50%
Archie Bunker's Place
45.6%
Happy Days
37.8%
Torchwood
35.6%
Laverne & Shirley
33.3%
Phyllis
33.3%
Good Times
33.3%
Stargate: Atlantis
32.2%
Mork & Mindy
22.2%
% Correct
Gloria
22.2%
Joanie Loves Chachi
21.1%
The Andy Griffith Show
18.9%
Sarah Jane Adventures
16.7%
K-9
16.7%
Stargate: Universe
16.7%
Gomer Pyle, U.S.M.C.
12.2%
Mayberry R.F.D
10%
Blansky's Beauties
5.6%
Stargate: Infinity
4.4%
Checking In
4.4%
704 Hauser
3.3%
Out of the Blue
2.2%

You're not logged in!

Compare scores with friends on all Sporcle quizzes.
Join for Free
OR
Log In

You Might Also Like...

Show Comments

Extras

Created Aug 5, 2012ReportNominate
Tags:Show Quiz

Top Quizzes Today


Score Distribution

Your Account Isn't Verified!

In order to create a playlist on Sporcle, you need to verify the email address you used during registration. Go to your Sporcle Settings to finish the process.

Report this User

Report this user for behavior that violates our Community Guidelines.

Details: